000 00560cam a2200145 4500500
005 20260426012602.0
041 _afre
042 _adc
100 1 0 _aBoutillier, Sophie
_eauthor
245 0 0 _aBeatriz Castilla Ramos : Mujeres mayas en la robotica y lideres de la comunidad, Tejiendo la modernidad Mérida, Yucatan, Mexico, 2004,531 pages
260 _c2005.
500 _a2
786 0 _nInnovations | 22 | 2 | 2005-09-01 | p. 271d-279d | 1267-4982
856 4 1 _uhttps://shs.cairn.info/revue-innovations-2005-2-page-271d?lang=fr&redirect-ssocas=7080
999 _c2224251
_d2224251